[Event "EST-ch int"]
[Site "Puhajarve"]
[Date "2001.08.09"]
[Round "2"]
[White "Kengis, Edvins"]
[Black "Kiik, Kalle"]
[Result "1-0"]
[WhiteElo "2572"]
[BlackElo "2449"]
[Annotator "Tsesarsky,I"]
[PlyCount "93"]
[EventDate "2001.08.08"]
[EventType "tourn"]
[EventRounds "11"]
[EventCountry "EST"]
[EventCategory "9"]
[SourceTitle "CBM 085"]
[Source "ChessBase"]
[SourceDate "2001.11.13"]
[SourceVersion "1"]
[SourceVersionDate "2001.11.13"]
[SourceQuality "1"]

1. Nf3 c5 2. c4 g6 3. d4 cxd4 4. Nxd4 Bg7 5. e4 Nc6 6. Be3 Nf6 7. Nc3 O-O 8.
Be2 b6 9. O-O Bb7 10. f3 Qb8 11. Qd2 Rd8 12. Rad1 $5 {The second R stay on f1,
maybe Pf3 will be promoted to f4-f5.} (12. Nc2 d6 13. Rfd1 Rd7 14. Rac1 Qf8 15.
Bf1 Rad8 16. Qf2 e6 17. Nd4 Nh5 18. Ncb5 Qe7 19. Nxc6 Bxc6 20. b3 f5 $132 {
0-1 Cabrera Moreno,D-Georgiev,V/Sitges 2000/EXT 2001 (57)}) ({I would prefer
RR on c1 and d1:} 12. Rac1 e6 13. Rfd1 d6 14. Nc2 (14. Bf1 $14) 14... Rd7 15.
Qe1 Qf8 16. Qh4 h6 17. Rd2 Ne7 18. Rcd1 $14 {0-1 Clerides,P-Quinn,M/Istanbul
2000/EXT 2001 (36)}) (12. Ndb5 d6 13. Nd5 Rd7 {-see commented game 1-0
Ginzburg,M-Soppe,G/Villa Gisell 1998/CBM 64 [Tsesarsky,I](39)}) (12. Rfd1 d6 (
12... Nxd4 13. Bxd4 d6 14. Bf1 e6 15. Qf2 Ne8 16. Rd2 Rd7 17. Rad1 Qd8 18. Bxg7
Kxg7 19. e5 $16 {1-0 Korneev,O-Bellon Lopez,J/Malaga 2000/CBM 74 ext (48)}) 13.
Qe1 (13. Bf1 Rd7 {-see commented game 0-1 Doroshenko,M-Moldovan,D/ROM 1993/CBM
60[Tsesarsky,I] (44)}) (13. Rac1 Rd7 14. Nd5 e6 15. Nxf6+ Bxf6 16. b4 Qf8 17.
Nxc6 Bxc6 18. b5 Bb7 19. a4 $14 {-see commented game 1-0 Hansen,C-Bellon Lopez,
J/Malmo 1996/CBM 54/[King] (57)}) 13... Rd7 14. Qh4 {-see commented game 1/2-1/
2 Solak,D-Moldovan,D/Bucharest 1997/CBM 60[Tsesarsky,I] (21)}) 12... d6 13. Kh1
(13. Rfe1 Rd7 14. Bf1 Qf8 15. g4 e6 16. Nxc6 Bxc6 17. Qf2 Rad8 18. Rd3 Ne8 19.
Red1 h6 20. Bg2 Nc7 21. f4 Na6 $132 {1-0 Bagirov,V-Guidarelli,L/Cappelle la
Grande 1999/EXT 2000 (52)}) 13... Rd7 14. Nb3 Qf8 15. f4 Rad8 ({Worth of
attention} 15... Rc8 $5 {[%csl Rc4][%cal Gc8c4]} 16. Bf3 Ba6 17. Nb5 e6 $132 {
[%cal Gd6d5,Gc8c4]}) 16. Bf3 e6 17. Qf2 Ne8 18. Rd2 Bxc3 $5 {Interesting but
risky decision. It is not easy to compare, which factor is more important:
strong Bg7 or weak PP chain?} ({Quite well is} 18... Ba6 $5 {[%csl Rc4][%cal
Ga6c4]} 19. Nb5 d5 $1 20. Rfd1 Bxb5 21. cxb5 Ne7 $132) 19. bxc3 {[%csl Rc3,Rc4]
} Ba6 20. Rfd1 {White sacrifices his weak Pc4.} ({Otherwise White had to
protect his weaknesses, maybe it seems to Kengis too passive.} 20. Be2 Qg7 21.
Rc1 e5 $132) 20... Bxc4 21. Nd4 Nxd4 (21... Rc7) 22. Rxd4 d5 23. exd5 exd5 (
23... Bxd5 $4 24. c4 Bxf3 25. Rxd7 $18) 24. f5 $1 {[%cal Gd4h4,Ge3h6] Opening
space for Be3 and Rd4.} Nd6 (24... gxf5 $5 25. g4 $1 $44 (25. Rh4 Ng7 26. Bd4
f6 27. Rh6 Ne8 28. Qh4 $44)) 25. fxg6 hxg6 26. Bg5 f6 $2 $16 {[%mdl 8192]} ({
Strong was} 26... Nf5 $5 27. Rg4 $1 (27. Bf6 Rd6 $5 (27... Nxd4 28. Qh4 $18)
28. Bxd8 Nxd4 29. Bc7 Rd7 30. Qxd4 Rxc7 31. Bxd5 Bxd5 32. Qxd5 Rxc3 $17) (27.
R4d2 f6 28. Bf4 Qc5 $17) 27... f6 28. Bc1 g5 29. g3 $44) 27. Bxf6 Nf5 {Too
late...} (27... Qxf6 28. Bxd5+ $18 {[%csl Rf6]}) 28. Bxd8 Nxd4 29. Rxd4 Rxd8
30. h4 {[%csl Rg8,Yh1] Despite material equality White has serious advantage
because of big difference in KK locations.} Qf5 (30... Rd7 31. Qd2 Rh7 32. Qg5
$16) 31. Qg3 (31. Rf4 Qe5 32. Qg3 $16) 31... Rf8 32. Kh2 $2 $132 {Dear time
loss} ({Why not} 32. Rg4 $1 {[%csl Rg6][%cal Gg3g6]} Kg7 (32... Rf6 33. Qb8+
Rf8 34. Qxa7 $16) 33. Rg5 Qe6 (33... Qf6 34. h5 Bd3 35. Rxd5 $18) 34. h5 Rf6
35. hxg6 (35. Bg4 {[%csl Rg6][%cal Gg4f5]} Qe4) 35... Qd6 (35... Rxg6 36. Qc7+
Kf8 (36... Kh6 37. Rh5#) (36... Kh8 37. Re5 $18) 37. Re5 Qd6 $8 38. Rf5+ Kg8
39. Qf7+ Kh8 40. Qe8+ Kh7 41. Rf7+ Rg7 42. Rf8 Qh6+ 43. Bh5 Qc1+ 44. Kh2 $18)
36. Qh4 Rxg6 37. Bxd5 $1 Bxd5 38. Qd4+ $16 {[%csl Rd5]}) 32... Kg7 33. a3 Rf6
34. Rg4 Bd3 $2 $16 {Very bad!} ({Right was} 34... b5 35. Rg5 Qe6 (35... Qf4 $2
36. Rxg6+ $18) 36. Re5 (36. h5 Qd6 $132) 36... Qd6 $11 {[%csl Rh2][%cal Gd6h2]
K placed on h1 better than on h2...}) 35. Rg5 Qf4 36. Rxd5 Qxg3+ 37. Kxg3 Bf5
38. Rd4 {White already has won a P and has good chances to win this endgame.}
Rf7 $6 $18 (38... b5 $142 39. a4 bxa4 40. Rxa4 Rf7 41. Bd5 Rc7 42. c4 $16) 39.
Bd5 Rc7 40. c4 Rc5 {[%csl Ra3][%cal Gc5a5,Ga5a3]} 41. Kf4 $1 {White is ready
to the next threat:} Ra5 {[%csl Ra3][%cal Ga5a3]} 42. g4 $1 {[%csl Rf5]} Bc2 (
42... Bc8 43. Re4 $1 Kf8 44. Kg5 $1 $18) 43. Rd2 Bb1 44. Rb2 Bd3 45. Rb3 Bf1
46. Re3 Kf8 47. Kg3 $1 {[%csl Rf1]} 1-0

[Event "Kottnauer Memorial"]
[Site "Prague"]
[Date "1996.??.??"]
[Round "6"]
[White "Smejkal, Jan"]
[Black "Zueger, Beat"]
[Result "1-0"]
[WhiteElo "2510"]
[BlackElo "2465"]
[Annotator "Tsesarsky,I"]
[PlyCount "137"]
[EventDate "1996.06.??"]
[EventType "tourn"]
[EventRounds "10"]
[EventCountry "CSR"]
[EventCategory "12"]
[SourceTitle "CBM 054"]
[Source "ChessBase"]
[SourceDate "1996.10.01"]
[SourceVersion "1"]
[SourceVersionDate "1996.10.01"]
[SourceQuality "1"]

1. Nf3 c5 2. c4 g6 3. d4 cxd4 4. Nxd4 Bg7 5. e4 Nc6 6. Be3 d6 7. Nc3 Nh6 8. Be2
O-O 9. O-O f5 10. exf5 Bxd4 (10... gxf5 11. f4 Bd7 12. Qd2 Ng4 13. Bxg4 fxg4
14. Rad1 Qe8 15. Nde2 Rd8 16. b3 Qg6 17. Nb5 a6 18. Nbc3 Bf5 19. Ng3 $14 {
Illescas,M-Abramovic,B/Biel(izt)/1993/0,5/47/} b6 20. Nb5) 11. Bxh6 Rxf5 12.
Qd2 (12. Bf3 Bg7 (12... Bxc3 13. bxc3 Ne5 14. Be4 Rh5 15. Bf4 (15. Be3 Be6 16.
Bxb7 Bxc4 17. Bxa8 Qxa8 18. Re1 Bd5 19. f4 Bxg2 20. fxe5 $16 Bh3 21. Re2 Qf3
22. Rf2 Qxe3 23. Qd5+ Kg7 24. Qf7+ Kh6 25. Qf8+ Kg5 26. Qxe7+ {Rachels,S-Afifi,
A/Manila(izt)/1990/1:0/51/}) 15... Qc7 16. Re1 Nf7 17. Qe2 e6 18. Rad1 Kg7 19.
Qd2 e5 20. Be3 Qxc4 21. f3 Qc7 22. g4 Rh4 $44) 13. Bxg7 Kxg7 14. Be4 Rf7 15.
Qd2 Qb6 16. Bd5 e6 17. Bxc6 Qxc6 18. Rad1 Qxc4 19. Qxd6 Qc7 20. Nb5 Qxd6 21.
Nxd6 Rf8 22. Rc1 $16 {Huebner,R-Afifi,A/Manila(izt)/1990/1:0/31/}) (12. Bg4 Rf7
13. Bxc8 Qxc8 14. Qd2 Qg4 15. Kh1 Be5 16. f4 Bxc3 17. Qxc3 Qh5 18. Bg5 h6)
12... Qb6 (12... e6 13. Be3 Bxe3 14. fxe3 Ne5 15. Rad1 Nf7 16. Nb5 Qb6 17. Qd4
Rxf1+ 18. Kxf1 d5 19. cxd5 exd5 20. Qxb6 axb6 21. Bf3 Ra5 22. Nc3 Be6 23. Bxd5
Bxd5 24. Rxd5 Ne5 25. Rd8+ Kg7 26. Rb8 Ra7 27. Re8 Kf6 28. Ke2 Ra5 29. Rb8 Ra7
30. a4 Ke6 31. Re8+ Kf6 32. Nd5+ Kf5 33. Nxb6 Ra6 34. e4+ Kf4 35. g3+ Kxe4 36.
Nd7 Ra5 37. b4 {Saidy,A-Kostro,J/Polanica Zdroj/1969/}) 13. Bd3 (13. Be3 $5
Bxe3 14. fxe3 Qb4 15. Bd3 Rxf1+ 16. Rxf1 Ne5 17. a3 Qa5 (17... Nxc4 $4 18. Qf2
$18) 18. Be4 Rb8 19. Qd5+ Qxd5 20. Nxd5 Nxc4 (20... Kg7 21. Nxe7 (21. b3 Nc6
$10) 21... Nxc4 22. Nxc8 Rxc8 23. Rc1 b5 24. b3 Nb6 25. Rxc8 Nxc8 26. Bc6 $16)
21. Rc1 e6 22. Rxc4 exd5 23. Bxd5+ Kg7 24. Rc7+ $16) 13... Rf7 14. Rae1 (14.
Nb5 Bc5 15. b3 Ne5 16. Be4 Rxf2 17. Rxf2 Bxf2+ 18. Qxf2 Qxf2+ 19. Kxf2 Ng4+ 20.
Kg3 Nxh6 $15) (14. Be3 $10) 14... Ne5 (14... Qa5 $5 15. Bc2 Bxc3 16. Qxc3 (16.
bxc3 $5 Ne5 17. Bb3 Be6 $13) 16... Qxc3 17. bxc3 Bf5 18. Bxf5 Rxf5 $15) 15. Be3
(15. Na4 Bxf2+ 16. Kh1 (16. Rxf2 Rxf2 (16... Qxf2+ $2 17. Qxf2 Rxf2 18. Rxe5
Rxg2+ (18... Rxb2 19. Rxe7 $40) 19. Kxg2 dxe5 $16) 17. Nxb6 (17. Qxf2 $2 Qxf2+
18. Kxf2 Nxd3+ 19. Kf1 Nxe1 $19) 17... Rxd2 18. Rf1 Nf7 19. Bxd2 axb6 $15)
16... Bxe1 $19) (15. Nd1 $5 Nxd3 16. Qxd3 Bf5 17. Qd2 e6 $15) (15. Re2 $1 Bg4 (
15... Nxd3 16. Qxd3 Bf5 17. Qd2 Bxc3 (17... e5 18. Nb5 $14) (17... Qc5 18. Nb5
Be5 19. b3 a6 20. Be3 Qc6 21. Nd4 $10) 18. Qxc3 $10) 16. Nd5 Qc6 (16... Qxb2 $2
17. Qxb2 Bxb2 18. Rxb2 Nxd3 19. Rxb7 $16) 17. Re4 $10) 15... Bxe3 (15... Nxd3
16. Qxd3 (16. Nd5 $6 Bxe3 17. Rxe3 Qxb2 18. Qxd3 Bf5 $19) 16... Bxe3 17. Rxe3 (
17. fxe3 Bf5 $15) 17... Qxb2 (17... Bf5 18. Qe2 $10) 18. Qd5 Kf8 (18... Kg7 19.
Qd4+ Kg8 20. Qd5 $10) 19. Qd4 Kg8 20. Qd5 $10) 16. Rxe3 Qd4 (16... Bf5 $6 17.
Be2 e6 18. h3 Rc8 (18... h5 $5) 19. g4 Bxg4 20. hxg4 Nxc4 21. Bxc4 Rxc4 22. Re4
$16) (16... Nxd3 17. Qxd3 Qxb2 18. Qd5 $10) 17. Ne2 Qh4 18. f4 (18. Re4 Qf6 (
18... Ng4 19. h3 Qh6 20. Qxh6 Nxh6 $14) 19. Rf4 Qg5 20. Qe3 Be6 $15) 18... Ng4
19. Rh3 $8 Qf6 20. Rhf3 (20. Be4 $5 Bf5 $6 (20... Ne5 21. Rc3 Nc6 22. Bd5 Be6 (
22... e6 23. Bxc6 bxc6 24. Qxd6 $16) 23. Re3 Bxd5 24. cxd5 Nd8 25. f5 $14) (
20... Rb8 $10) 21. Bxb7 Rb8 22. Rb3 (22. Bd5 $4 e6 23. Bf3 Rxb2 $17) 22... e6
23. Bf3 Rxb3 24. axb3 $14) 20... Qh4 21. Rh3 Qf6 22. Rhf3 Qh4 23. h3 (23. Rh3
$10) 23... Nf6 24. Nc3 Bd7 (24... b6 25. Re3) 25. R3f2 Raf8 26. Qe3 Nh5 27. Ne2
Bc6 (27... b6 $5) 28. c5 (28. f5 gxf5 29. Rxf5 Rxf5 30. Bxf5 Ng7 31. Be6+ Nxe6
32. Qxe6+ Kg7 33. Rxf8 Kxf8 $10) 28... d5 (28... e5 $2 29. cxd6 Nxf4 (29...
exf4 30. Qd4 (30. Qxa7 $2 f3 31. Qd4 fxe2 32. Qxh4 Rxf2 33. Bc4+ Kh8 34. Qxf2
Rxf2 35. Kxf2 exf1=Q+ $19) 30... b5 31. Bc2 Rf6 32. Nxf4 Nxf4 33. Bb3+ $18) 30.
Nxf4 exf4 31. Qd4 $18) 29. b4 $14 a6 (29... Bd7 $5) 30. Kh2 Nf6 31. Kg1 Nh5 32.
Kh2 Nf6 33. Kg1 Nh5 34. a3 (34. Kh2 $10) 34... Rd8 (34... Ng7 $6 35. Rd1 e6 36.
Nd4 Nf5 37. Bxf5 gxf5 38. Nxc6 bxc6 $14) 35. Nd4 (35. f5 $5 gxf5 (35... g5 36.
Nd4 Ng3 37. Re1 Ne4 38. Bxe4 dxe4 39. Nxc6 bxc6 40. Qxe4 Qxe4 41. Rxe4 Rd1+ 42.
Kh2 $16) (35... d4 36. Qh6 g5 37. Bc4 Rd5 (37... Bd5 38. Qb6 Rd7 39. Bxd5 Rxd5
40. Qxb7 $14) 38. Bxd5 Bxd5 39. Qb6 (39. g4 $2 d3 (39... Ng3 40. Qxh4 $18) 40.
Qxh5 dxe2 41. Qxh4 exf1=Q+ $19) 39... Rf8 40. Rd1 $16) 36. Rxf5 Rxf5 37. Qe6+
Kh8 38. Qxf5 Nf6 39. Qe5 Re8 40. Nf4 $16) 35... Ng3 36. Re1 Bd7 37. Rf3 Nh5 (
37... Nf5 38. Bxf5 Bxf5 39. Nxf5 gxf5 40. Qe5 $14) 38. Ref1 Rdf8 (38... Ng7 $5
39. Rd1 Rdf8 40. Qe5 e6 41. Bc2 $14) 39. Ne2 g5 $138 (39... e6 $5 $14) 40. f5
g4 41. g3 $1 gxf3 (41... Qxh3 42. R3f2 d4 43. Qxd4 Nxg3 (43... e5 44. Qxe5 Re8
45. Qd6 Rxe2 46. Bxe2 Nxg3 47. Qb8+ Kg7 48. Qe5+ Kg8 49. Rg2 $16) 44. Nxg3
Qxg3+ 45. Rg2 e5 46. Qe4 Qh3 47. Bc4 $16) (41... d4 42. gxh4 dxe3 43. hxg4 $18)
42. gxh4 Rg7+ 43. Kh2 fxe2 44. Bxe2 Nf6 (44... Ng3 $5 45. Rg1 Nxf5 46. Rxg7+
Nxg7 47. Qxe7 $16) 45. h5 h6 $6 (45... Ne4 46. Bc4 e6 47. fxe6 Bxe6 48. Rxf8+
Kxf8 49. Bd3 $18) 46. Qxh6 Ne4 47. Bg4 Nf6 48. Qf4 Kh7 (48... e5 $5 49. fxe6 $1
(49. Qxe5 $4 Rxg4) 49... Nxg4+ 50. hxg4 Rxf4 51. exd7 Rxd7 (51... Rxf1 52.
d8=Q+ Kh7 53. Qxd5 $18) 52. Rxf4 $18) 49. h6 Rgg8 50. Bf3 Rf7 51. Re1 Bc6 52.
Qc7 Ne8 (52... Kxh6 53. Rxe7 Rxe7 54. Qxe7 Kg5 55. Bg4 $18) 53. Qf4 Nf6 54. Re6
Bd7 55. Re5 Bc6 56. Re1 Kh8 57. Rg1 Rgf8 (57... Rxg1 58. Kxg1 Ng8 59. Qd4+ Rf6
60. Bxd5 $18) 58. Qe5 Kh7 59. Qg3 Rg8 60. Qg6+ $5 Rxg6 61. fxg6+ Kg8 62. gxf7+
Kxf7 63. Rg7+ Kf8 64. Bg4 d4 65. Bf5 Bb5 66. Rg1 e5 67. h7 Nxh7 68. Bxh7 Kf7
69. Be4 1-0

[Event "Bundesliga 0102"]
[Site "Germany"]
[Date "2002.04.27"]
[Round "14.1"]
[White "Lutz, Christopher"]
[Black "Hickl, Joerg"]
[Result "1/2-1/2"]
[WhiteElo "2643"]
[BlackElo "2600"]
[Annotator "Tsesarsky,I"]
[PlyCount "65"]
[EventDate "2001.10.06"]
[EventType "team-tourn"]
[EventRounds "15"]
[EventCountry "GER"]
[SourceTitle "CBM 089"]
[Source "ChessBase"]
[SourceDate "2002.08.12"]
[SourceVersion "1"]
[SourceVersionDate "2002.08.12"]
[SourceQuality "1"]
[WhiteTeam "Porz"]
[BlackTeam "Stuttgart"]
[WhiteTeamCountry "GER"]
[BlackTeamCountry "GER"]

1. e4 g6 2. d4 Bg7 3. c4 c5 4. Nf3 cxd4 5. Nxd4 Nc6 6. Be3 Nf6 7. Nc3 O-O 8.
Be2 b6 9. O-O Bb7 10. Nxc6 Bxc6 (10... dxc6 $143 $6 {[%csl Rb7] This recapture
makes Bb7 weak, and White is able to keep an advantage, look the next games
and references:} 11. e5 (11. c5 $5 {-Tsesarsky,I} Nd7 12. Qb3 Qc7 13. Na4 b5
14. Nc3 $14) 11... Nd7 (11... Ne8 12. f4 Qc7 (12... Nc7 13. c5 b5 14. Qe1 $16 {
[%csl Rb7][%cal Ga1d1]} (14. b4 a5 15. a3 Qe8 16. Bf3 $14 {1/2-1/2 Stohl,
I-Gyorkos,L/Austria 1997/EXT 99 (29)})) (12... f6 13. c5 b5 14. Qb3+ Kh8 15.
Rad1 Qc8 16. Ne4 $16 {[%csl Rb7] 1/2-1/2 Borriss,M-Troyke,C/Germany 1998/
GER-chT (41)}) 13. c5 b5 14. a4 b4 15. Ne4 a5 16. Bc4 Ba6 17. Bxa6 Rxa6 18. Qg4
Ra8 19. Rad1 Qc8 20. Qd7 $16 {1-0 Kaidanov,G-Kristensen,B/Hastings 1990/TD (39)
}) 12. f4 Qc7 (12... f5 13. c5 b5 14. Qb3+ Kh8 15. Bf3 $16 {1-0 Smikovski,
I-Kron,V/Moscow 1996/EXT 98 (37)}) 13. Qc2 (13. Qe1 f5 14. Bf3 Rfd8 15. Qf2 $16
{0-1 Wintzer,J-Heinbuch,D/Germany 1991/GER-chT2 (41)}) 13... Rfe8 14. Rad1 (14.
h4 Nf8 15. h5 f6 16. hxg6 hxg6 17. c5 $16 {1-0 Wahls,M-Pigusov,E/Biel 1989/EXT
97 (26)}) 14... f6 15. e6 Nf8 16. f5 gxf5 17. Bh5 $16 {1-0 Ghitescu,T-Kouatly,
B/Bagneux 1982/EXT 2000 (27)}) 11. f3 {This move promises to White stable
advantage, but Black hasn't weaknesses and good chances to equalize.} (11. Bd3
d6 12. Bd4 e6 13. Re1 Rb8 14. Qe2 Rb7 15. Rad1 Rd7 16. b3 $14 {0-1 Adla,
D-Soppe,G/ARG 1991/EXT 98 (59)}) (11. e5 Ne8 12. Bd4 d6 13. exd6 Qxd6 14. Bxg7
Kxg7 15. Qxd6 Nxd6 16. b4 Rfc8 17. Rfc1 Rc7 18. a4 Bb7 19. a5 Rac8 20. axb6
axb6 21. f3 $11 {1-0 Giaccio,A-Robledo,N/Santiago 1996/EXT 2001 (62)}) (11. Bf3
{Not the best place for the B.} d6 12. Qd2 Rc8 13. Rac1 Qd7 $132 {[%cal Gd7b7]
1/2-1/2 Aleksic,M-Todorovic,G/Ulcinj 1997/EXT 99 (43)}) (11. Qc2 d6 (11... e6
$6 12. Rad1 Nh5 $6 13. Bxh5 gxh5 14. Bd4 $16 {1-0 Dvoirys,S-Sherbakov,R/Moscow
1999/CBM 75 (54)}) 12. Rfd1 Nd7 13. Rac1 a5 14. b3 Nc5 15. f3 $14 {0-1 Zlatic,
M-Markovic,I/Ulcinj 1998/EXT 99 (40)}) 11... Ne8 (11... d6 12. Qd2 Qd7 (12...
Rc8 13. Rfd1 Re8 14. Rac1 Qd7 15. Bf1 Qb7 16. Bg5 Nd7 17. Nd5 $14 {1/2-1/2
Schlosser,M-Pigusov,E/Sochi 1989/CBM 16 (24)}) (12... Nd7 13. Nd5 Rc8 14. Rac1
Bb7 15. b3 $14 {1/2-1/2 Kindermann,S-Apicella,M/Munich 1993/TD (64)}) (12... a5
13. b3 Rb8 14. Rab1 Nd7 15. a3 f5 16. exf5 gxf5 17. f4 Nf6 18. Bf3 Be8 19. Rbd1
$14 {1-0 Istrate,B-Berechet,O/Tusnad 2000/EXT 2001 (38)}) 13. Rfd1 Rad8 14. a4
e6 15. a5 Qb7 16. axb6 axb6 17. b4 $14 {1-0 Chekhov,V-Martin,A/Barcelona 1984/
EXT 99 (40)}) (11... Nh5 12. Qd2 f5 13. exf5 gxf5 14. f4 (14. Bg5 Nf6 15. Bd3
e6 16. Rfe1 Qe7 17. Ne2 Qf7 18. Nd4 Rad8 19. Rad1 Rfe8 20. Bb1 $14 {0-1
Costantini,R-Bellini,F/Reggio Emilia ITA 2001/The Week in Chess 322 (47)}) (14.
Rad1 Qe8 15. Nd5 Qf7 16. Nb4 Qe6 17. Rfe1 Bb7 18. Bf2 Rad8 19. Bf1 $14 {
1/2-1/2 Mastrovasilis,D-Gouliev,S/Halkidiki GRE 2001/The Week in Chess 357 (59)
}) 14... Nf6 15. Bd4 Rc8 16. Bf3 e6 17. b3 Rf7 18. Rad1 Qf8 (18... Ng4 19. Bxg4
fxg4 20. Bxg7 Kxg7 21. Ne4 Bxe4 22. Qd4+ Qf6 23. Qxe4 $14 {1/2-1/2 Navara,
D-Ivanisevic,I/Leon ESP 2001/The Week in Chess 366 (35)}) 19. Qe2 Kh8 20. Rd3
$14 {1-0 Smejkal,J-Rantanen,Y/Novi Sad 1990/TD (55)}) (11... Qb8 12. Qd2 Re8 (
12... Rd8 13. Rfd1 d6 14. Rac1 Rd7 15. b4 Qf8 16. b5 Bb7 17. a4 e6 18. a5 $14 {
0-1 Bosch,J-Strijbos,M/Holland 1996/EXT 2000 (64)}) 13. Rac1 d6 14. Nd5 Qb7 15.
Bg5 Rad8 16. Nxf6+ Bxf6 17. Bxf6 exf6 18. Rfd1 $14 {1/2-1/2 Nemec,Z-Znamenacek,
K/CSR 1992/TD (30)}) 12. Rc1 f5 13. exf5 gxf5 14. Qd2 Rf7 15. b4 e6 16. a4 Qh4
(16... Qf6 17. f4 Qg6 18. Bf3 $14) 17. Qe1 Qh5 18. f4 Qh6 19. Bf3 Nf6 20. Bxc6
$6 $11 {This unaccuracy allows Black to equalize.} ({Better looks} 20. c5 $1
$14) 20... dxc6 {[%cal Gf7d7,Ga8d8,Gd8d1] Now Black will double his RR at the
d-file, and White should neutralize it by RR exchange.} 21. h3 (21. Rd1 Ng4 $11
) 21... Rd8 22. Rd1 (22. b5 c5 23. a5 Rfd7 24. Bf2 {[%csl Re6][%cal Ge1e6]} (
24. Na4 Ne4 25. axb6 axb6 26. Nxb6 Rd3 {[%csl Re3][%cal Gg7d4]} 27. Kh2 Bc3 28.
Rxc3 Rxc3 29. Rf3 Qg7 $17) 24... Kf7 25. Bh4 Qh5 26. Rf3 Rd3 $132) 22... Rxd1
23. Qxd1 Rd7 24. Qc2 Bf8 25. b5 c5 26. Rd1 Qh4 27. Kf1 {White avoids
variations with draw by perpetuum check:} (27. Rxd7 Qe1+ 28. Kh2 Ng4+ 29. hxg4
Qh4+ 30. Kg1 Qe1+ $11) 27... Rxd1+ 28. Qxd1 Ne8 29. Qd7 Qe7 30. Qxe7 Bxe7 31.
Ke2 Kf7 32. Kd3 ({Interesting is} 32. a5 bxa5 {Simple and effective.} 33. Na4 {
[%csl Rc5][%cal Ga4c5,Ge3c5]} Nd6 {[%csl Rc4][%cal Gd6c4]} 34. Bxc5 (34. Kd3
Ne4 35. Nc3 Nf6 $11) 34... Nxc4 35. Bxa7 Nd6 {[%csl Rb5][%cal Gd6b5]} 36. b6 (
36. Nc3 Bf6 37. Bc5 Nb7 38. Na4 Nxc5 39. Nxc5 Bd4 40. Nb3 Bb6 41. Nd2 Bc7 42.
Ke3 a4 43. Nc4 Ke7 44. b6 Bb8 45. g3 Kd7 46. Kd4 Kc6 47. Kc3 Kb5 48. b7 h5 49.
h4 Kc6 50. Kb4 Kxb7 51. Kxa4 Ba7 52. Kb5 Bf2 $44) 36... Nb7 37. Bb8 Ke8 {
[%csl Rb6][%cal Ge8d7,Gd7c6]} 38. Kd3 Kd7 39. Kc4 Kc6 40. Be5 Bh4 41. g4 Bf2
42. Bd4 Bxd4 43. Kxd4 fxg4 44. hxg4 Kb5 45. Nc3+ Kxb6 46. Ne4 a4 (46... Kb5 47.
Ng5 $132) 47. Kc4 $44) 32... Nf6 33. Bd2 1/2-1/2